UK house prices up 91% in the past decade (Record no. 82909)

MARC details
000 -LEADER
fixed length control field 00896cab a22001935a 4500
001 - CONTROL NUMBER
control field L152198
008 - FIXED-LENGTH DATA ELEMENTS--GENERAL INFORMATION
fixed length control field 110209e20110131xxk 000 0 eng d
035 ## - SYSTEM CONTROL NUMBER
System control number (Sirsi) u152198
041 0# - LANGUAGE CODE
Language code of text/sound track or separate title eng
245 00 - TITLE STATEMENT
Title UK house prices up 91% in the past decade
Medium [electronic resource]
490 ## - SERIES STATEMENT
Series statement Halifax Press Release
Volume/sequential designation 31 January 2011
520 ## - SUMMARY, ETC.
Summary, etc. Reviews UK house prices performance on a regional basis between Quarter 4 2000 and Quarter 4 2010 based on Halifax's own data. Highlights peaks and lows and regional differences including the North South divide.
590 ## - LOCAL NOTE (RLIN)
Local note KA NTK
650 24 - SUBJECT ADDED ENTRY--TOPICAL TERM
Topical term or geographic name entry element HALIFAX HOUSE PRICE INDEX
651 #4 - SUBJECT ADDED ENTRY--GEOGRAPHIC NAME
Geographic name United Kingdom
Chronological subdivision
690 ## - LOCAL SUBJECT ADDED ENTRY--TOPICAL TERM (OCLC, RLIN)
Topical term or geographic name as entry element PROPERTY-RESIDENTIAL PROPERTY-RESIDENTIAL PROPERTY MARKET
856 40 - ELECTRONIC LOCATION AND ACCESS
Uniform Resource Identifier <a href="https://www.lloydsbankinggroup.com/media/pdfs/halifax/2011/10yearsofhouseprices.pdf">https://www.lloydsbankinggroup.com/media/pdfs/halifax/2011/10yearsofhouseprices.pdf</a>
Public note View this item free of charge at www.lloydsbankinggroup.com
942 ## - ADDED ENTRY ELEMENTS (KOHA)
Suppress in OPAC 0
Holdings
Withdrawn status Lost status Source of classification or shelving scheme Damaged status Not for loan Home library Current library Shelving location Date acquired Total Checkouts Full call number Barcode Date last seen Copy number Price effective from Koha item type
    Dewey Decimal Classification     Virtual Virtual Online 09/02/2011   ONLINE PUBLICATION 152198-2001 06/08/2019 1 06/08/2019 Journal article